000 00995cad a22002055a 4500
001 E154212
008 111101e20111101xxk 000 0 eng d
035 _a(Sirsi) u154212
041 0 _aeng
110 2 _aRegisters of Scotland
_95601
245 0 0 _aAverage property prices decrease by 0.2 per cent
_h[electronic resource]
260 _c2011
490 _aRegisters of Scotland News Release
_v1 November 2011
520 _aReports that the average price for a residential property in Scotland was £163 091 in Q2 of the financial year 2011/2012, a decrease of 0.2% compared to Q2 of the financial year 2010/2011. The total volume of sales across Scotland in Q2 was 20 293, a decrease of 3.7% on Q2 2010/2011.
590 _aKA NTK
651 4 _aScotland
_y1999-
690 _aPROPERTY-RESIDENTIAL PROPERTY-RESIDENTIAL PROPERTY MARKET
856 4 0 _uhttps://www.ros.gov.uk/pdfs/ros_statistical_release_jul-sept2011.pdf
_zView the press release free of charge at www.ros.gov.uk...
942 _n0
999 _c83535
_d83535